Arbeit mit Wirtschaftstexten : Projekt Didaktik und Methodik für den Unterricht Deutsch als Fremdsprache /

Uložené v:
Podrobná bibliografia
Hlavní autori: Sprenger, Margret (Author), Nicolas, Gerd (Author)
Médium: Kniha
Jazyk:German
Vydané: München : Goethe Institut, 1985
Fyzický popis: 67 S.
Tagy: Pridať tag
Žiadne tagy, Buďte prvý kto otaguje tento záznam!

MARC

LEADER 00000nam a2200000 a 4500
001 000477129
003 SVKK
005 20050121135817.0
007 ta
008 050121s1985 e gero
040 |a KE001  |b ger 
080 |a 439:33  |2 undef 
100 1 |a Sprenger, Margret  |4 aut 
245 1 0 |a Arbeit mit Wirtschaftstexten :  |b Projekt Didaktik und Methodik für den Unterricht Deutsch als Fremdsprache /  |c Margret Sprenger, Gerd Nicolas 
260 |a München :  |b Goethe Institut,  |c 1985 
300 |a 67 S. 
700 1 |a Nicolas, Gerd  |4 aut 
850 |a KE001 
998 |a KN 
992 |a AUC 
090 |g SCKGI  |k Študovňa GI  |a PV 439:33 ARB  |j 3459/93  |i G2720005646  |s Vyradená